Travels in Beloochistan and Sinde : (Record no. 68961)

000 -LEADER
fixed length control field 01472cam a2200409 a 4500
001 - CONTROL NUMBER
control field 13021899
003 - CONTROL NUMBER IDENTIFIER
control field NUST - PNEC
005 - DATE AND TIME OF LATEST TRANSACTION
control field 20170116181107.0
008 - FIXED-LENGTH DATA ELEMENTS--GENERAL INFORMATION
fixed length control field 020920r20021816pk b b 000 0 eng
010 ## - LIBRARY OF CONGRESS CONTROL NUMBER
LC control number 2002342086
020 ## - INTERNATIONAL STANDARD BOOK NUMBER
International Standard Book Number 0195796357
025 ## - OVERSEAS ACQUISITION NUMBER
Overseas acquisition number P-E-2002342086; 07
035 ## - SYSTEM CONTROL NUMBER
System control number (DLC) 2002342086
040 ## - CATALOGING SOURCE
Original cataloging agency DLC
Transcribing agency LIBRARY
Modifying agency DLC
042 ## - AUTHENTICATION CODE
Authentication code lcode
043 ## - GEOGRAPHIC AREA CODE
Geographic area code a-pk---
050 00 - LIBRARY OF CONGRESS CALL NUMBER
Classification number DS392.B24
Item number P67 2002
082 00 - DEWEY DECIMAL CLASSIFICATION NUMBER
Classification number 954.915 POT
Edition number 22
100 1# - MAIN ENTRY--PERSONAL NAME
Personal name Pottinger, Henry,
Titles and words associated with a name Sir,
Dates associated with a name 1789-1856.
245 10 - TITLE STATEMENT
Title Travels in Beloochistan and Sinde :
Remainder of title with an introduction by Rosie Vaughan.
260 ## - PUBLICATION, DISTRIBUTION, ETC.
Place of publication, distribution, etc. Karachi :
Name of publisher, distributor, etc. Oxford University Press,
Date of publication, distribution, etc. 2002.
300 ## - PHYSICAL DESCRIPTION
Extent xliv, 411 p. :
Other physical details map ;
Dimensions 22 cm.
440 #0 - SERIES STATEMENT/ADDED ENTRY--TITLE
Title Oxford in Asia historical reprints.
500 ## - GENERAL NOTE
General note Reproduction of original t.p.
500 ## - GENERAL NOTE
General note Originally published: London : Longman, 1816.
500 ## - GENERAL NOTE
General note Series title from jacket.
504 ## - BIBLIOGRAPHY, ETC. NOTE
Bibliography, etc. note Includes bibliographical references.
650 ## - SUBJECT ADDED ENTRY--TOPICAL TERM
General subdivision General books
651 #0 - SUBJECT ADDED ENTRY--GEOGRAPHIC NAME
Geographic name Balochistān (Pakistan)
General subdivision Description and travel.
651 #0 - SUBJECT ADDED ENTRY--GEOGRAPHIC NAME
Geographic name Balochistān (Pakistan)
General subdivision History.
651 #0 - SUBJECT ADDED ENTRY--GEOGRAPHIC NAME
Geographic name Sindh (Pakistan)
General subdivision Description and travel.
651 #0 - SUBJECT ADDED ENTRY--GEOGRAPHIC NAME
Geographic name Sindh (Pakistan)
General subdivision History.
856 42 - ELECTRONIC LOCATION AND ACCESS
Materials specified Publisher description
Uniform Resource Identifier <a href="http://www.loc.gov/catdir/enhancements/fy0614/2002342086-d.html">http://www.loc.gov/catdir/enhancements/fy0614/2002342086-d.html</a>
906 ## - LOCAL DATA ELEMENT F, LDF (RLIN)
a 7
b cbc
c origode
d 3
e ncip
f 20
g y-gencatlg
942 ## - ADDED ENTRY ELEMENTS (KOHA)
Source of classification or shelving scheme
Koha item type Book
Holdings
Withdrawn status Lost status Source of classification or shelving scheme Damaged status Not for loan Permanent Location Current Location Shelving location Date acquired Total Checkouts Full call number Barcode Date last seen Price effective from Koha item type
          Pakistan Navy Engineering College (PNEC) Pakistan Navy Engineering College (PNEC)       954.915 POT PNECLIB-007774 10/03/2015   Book
© 2023 Central Library, National University of Sciences and Technology. All Rights Reserved.